000 01244nam a2200265Ia 4500
003 OSt
005 20221207082839.0
008 210310s2009 ck o gr 000 0 spa d
020 _a9789589916209
040 _aCO-JMCR
_cCO-JMCR
041 0 _aspa
082 0 4 _223
_a350.724 /
_bH558p
100 1 _aHernández Gamarra, Antonio,
_eautor
_99160
245 1 0 _aPropuestas para el fortalecimiento fiscal de los departamentos /
_cAntonio Hernández Gamarra, Guillermo Perry Rubio, Luis Bernardo Florez Enciso
260 _aBogotá :
_bComisión de Alto Nivel para el Fortalecimiento Fiscal de los Departamentos,
_c2008
300 _a395 páginas ;
_c25 cm
440 _a0
_922804
505 0 _aResumen ejecutivo -- Fortalecimiento de las competencias departamentales -- Objetivos y lineamientos del código tributario departamental -- Fortalecimiento de las finanzas departamentales -- Ahorro, distribución y utilización de las regalias -- Monopolios rentísticos
650 1 4 _aImpuestos
_922805
_zColombia
650 2 4 _aAdministración municipal
_zColombia
_99327
650 2 4 _aDerecho fiscal
_zColombia
_98409
700 1 _aPerry Rubio, Guillermo,
_eautor
_937447
700 1 _aFlorez Enciso, Luis Bernardo,
_eautor
_97120
942 _2ddc
_cBK
999 _c10436
_d10436